Multiple Choice City Quiz – Malabo - Statistics

General Stats
  • This quiz has been taken 20 times
  • The average score is 5 of 10
Answer Stats
Question Answer % Correct
Malabo is located on what island? Bioko
78%
What was Malabo named after? A former king
67%
Malabo lies closest to the mainland of which country? Cameroon
56%
The city was formerly named after which saint? Santa Isabel
56%
Malabeño Juan Tomás Ávila Laurel made an award winning documentary criticising who? Teodoro Obiang Nguema Mbasogo
50%
Which country eliminated Equatorial Guinea from AFCON 2012 in Malabo? Ivory Coast
44%
Which mountain can be seen from the city? Pico Basilé
44%
What is Malabo's coastal prison called? Black Beach
33%
After Spanish, what is Malabo's most commonly spoken language? Pichi
28%
Malabo National Park was built by what country? China
17%
No matching quizzes found
Score Distribution
Percent of People with Each Score
Percentile by Number Answered
Your Score History
You have not taken this quiz